Statistics for Literature Quiz

Click here to take the quiz!

General Stats

  • This quiz has been taken 1,510 times
    (1,491 since last reset)
  • The average score is 16 of 42

Answer Stats

HintAnswer% Correct
George Orwell1984
83%
William ShakespeareHamlet
81%
Jane AustenPride and Prejudice
80%
Leo TolstoyWar and Peace
80%
HomerThe Odyssey
77%
Emily BrönteWuthering Heights
75%
Geoffrey ChaucerThe Cantenbury Tales
70%
Miguel de CervantesDon Quixote de la Mancha
65%
Charlotte BrönteJane Eyre
65%
Fyodor DostoievskyCrime and Punishment
63%
James JoyceUlysses
63%
Leo TolstoyAnna Karenina
60%
Charles DickensGreat Expectations
56%
Daniel DefoeRobinson Crusoe
54%
Ernest HemingwayThe Old Man and the Sea
53%
William ShakespeareOthello
50%
Dante AlighieriThe Divine Comedy
50%
Gustave FlaubertMadame Bovary
46%
VoltaireCandide, or the optimist
45%
Oscar WildeThe Picture of Dorian Gray
43%
Albert CamusThe Stranger
39%
Johann Wolfgang von GoetheFaust
38%
Franz KafkaThe Trial
33%
OvidMetamorphoses
30%
Gabriel García MárquezOne Hundred Years of Solitude
30%
SophoclesOedipus Rex
29%
Chinua AchebeThings Fall Apart
23%
Henrik IbsenA Doll's House
20%
StendhalThe Red and the Black
19%
Lord ByronDon Juan
14%
Jean-Paule SartreNausea
13%
Hermann HesseSteppenwolf
12%
Jose SaramagoBlindness
7%
Isabel AllendeThe House of the Spirits
7%
MolièreThe Miser
6%
Honoré de BalzacLa Comedie Humaine
5%
Jorge Luis BorgesFicciones
4%
Juan RulfoPedro Páramo
3%
Pedro Calderón de la BarcaLife is a Dream
2%
Ernesto SábatoThe Tunnel
2%
Federico García LorcaGypsy Ballads
1%
Mario Vargas LlosaThe Time of the Hero
1%

Score Distribution

Percentile by Number Answered

Percent of People with Each Score

Your Score History

You have not taken this quiz since the last reset